<?xml version="1.0" encoding="UTF-8"?>
<record
    xmlns:xsi="http://www.w3.org/2001/XMLSchema-instance"
    xsi:schemaLocation="http://www.loc.gov/MARC21/slim http://www.loc.gov/standards/marcxml/schema/MARC21slim.xsd"
    xmlns="http://www.loc.gov/MARC21/slim">

  <leader>03156cam a2200685 i 4500</leader>
  <controlfield tag="001">xx004858970</controlfield>
  <controlfield tag="003">NUKAT</controlfield>
  <controlfield tag="005">20260427104307.0</controlfield>
  <controlfield tag="008">200512s2020    pl           |001 0dpol c</controlfield>
  <datafield tag="020" ind1=" " ind2=" ">
    <subfield code="a">9788380988392</subfield>
    <subfield code="q">(oprawa twarda) :</subfield>
    <subfield code="c">z&#x142; 35,00</subfield>
  </datafield>
  <datafield tag="035" ind1=" " ind2=" ">
    <subfield code="a">(OCoLC)1156654866</subfield>
  </datafield>
  <datafield tag="035" ind1=" " ind2=" ">
    <subfield code="a">(NUKAT)xx004858970</subfield>
  </datafield>
  <datafield tag="040" ind1=" " ind2=" ">
    <subfield code="a">KAT U/DL</subfield>
    <subfield code="b">pol</subfield>
    <subfield code="e">rda</subfield>
    <subfield code="c">KAT U/DLs</subfield>
    <subfield code="d">KAT U/MP</subfield>
    <subfield code="d">WA 392/MD</subfield>
    <subfield code="d">WA 14/ABs</subfield>
    <subfield code="d">OLSZT 008/bak</subfield>
  </datafield>
  <datafield tag="041" ind1="1" ind2=" ">
    <subfield code="a">pol</subfield>
    <subfield code="b">eng</subfield>
    <subfield code="h">lit</subfield>
  </datafield>
  <datafield tag="045" ind1="2" ind2=" ">
    <subfield code="b">d1867</subfield>
    <subfield code="b">d1935</subfield>
  </datafield>
  <datafield tag="046" ind1=" " ind2=" ">
    <subfield code="k">2020</subfield>
  </datafield>
  <datafield tag="245" ind1="0" ind2="0">
    <subfield code="a">Bez emocji :</subfield>
    <subfield code="b">polsko-litewski dialog o J&#xF3;zefie Pi&#x142;sudskim /</subfield>
    <subfield code="c">pod redakcj&#x105; Danuty Jastrz&#x119;bskiej-Golonkowej, Alvydasa Nik&#x17E;entaitisa, W&#x142;odzimierza Sulei i Tadeusza Wolszy ; Instytut Pami&#x119;ci Narodowej. Komisja &#x15A;cigania Zbrodni Przeciwko Narodowi Polskiemu, Instytut Polski w Wilnie ; Instytut Historii Litwy.</subfield>
  </datafield>
  <datafield tag="246" ind1="3" ind2="0">
    <subfield code="a">Polsko-litewski dialog o J&#xF3;zefie Pi&#x142;sudskim</subfield>
  </datafield>
  <datafield tag="260" ind1=" " ind2=" ">
    <subfield code="a">Warszawa :</subfield>
    <subfield code="b">Instytut Pami&#x119;ci Narodowej. Komisja &#x15A;cigania Zbrodni Przeciwko Narodowi Polskiemu,</subfield>
    <subfield code="c">2020.</subfield>
  </datafield>
  <datafield tag="300" ind1=" " ind2=" ">
    <subfield code="a">352 strony ;</subfield>
    <subfield code="c">25 cm.</subfield>
  </datafield>
  <datafield tag="336" ind1=" " ind2=" ">
    <subfield code="a">Tekst</subfield>
    <subfield code="b">txt</subfield>
    <subfield code="2">rdacontent</subfield>
  </datafield>
  <datafield tag="337" ind1=" " ind2=" ">
    <subfield code="a">Bez urz&#x105;dzenia po&#x15B;rednicz&#x105;cego</subfield>
    <subfield code="b">n</subfield>
    <subfield code="2">rdamedia</subfield>
  </datafield>
  <datafield tag="338" ind1=" " ind2=" ">
    <subfield code="a">Wolumin</subfield>
    <subfield code="b">nc</subfield>
    <subfield code="2">rdacarrier</subfield>
  </datafield>
  <datafield tag="380" ind1=" " ind2=" ">
    <subfield code="a">Ksi&#x105;&#x17C;ki</subfield>
  </datafield>
  <datafield tag="380" ind1=" " ind2=" ">
    <subfield code="a">Publikacje naukowe</subfield>
  </datafield>
  <datafield tag="388" ind1="1" ind2=" ">
    <subfield code="a">2001-</subfield>
  </datafield>
  <datafield tag="504" ind1=" " ind2=" ">
    <subfield code="a">Bibliografia przy rozdzia&#x142;ach. Indeks.</subfield>
  </datafield>
  <datafield tag="546" ind1=" " ind2=" ">
    <subfield code="a">Cz&#x119;&#x15B;&#x107; artyku&#x142;&#xF3;w t&#x142;umaczona z j&#x119;zyka litewskiego. Streszczenie w j&#x119;zyku angielskim przy artyku&#x142;ach. Spis tre&#x15B;ci tak&#x17C;e w j&#x119;zyku angielskim.</subfield>
  </datafield>
  <datafield tag="600" ind1="1" ind2="7">
    <subfield code="a">Pi&#x142;sudski, J&#xF3;zef</subfield>
    <subfield code="d">(1867-1935)</subfield>
    <subfield code="2">DBN</subfield>
    <subfield code="9">37024</subfield>
  </datafield>
  <datafield tag="600" ind1="1" ind2="7">
    <subfield code="a">Pi&#x142;sudski, J&#xF3;zef</subfield>
    <subfield code="d">(1867-1935).</subfield>
    <subfield code="2">kaba</subfield>
    <subfield code="9">38287</subfield>
  </datafield>
  <datafield tag="600" ind1="1" ind2="7">
    <subfield code="a">Pi&#x142;sudski, J&#xF3;zef</subfield>
    <subfield code="d">(1867-1935)</subfield>
    <subfield code="x">i Litwa.</subfield>
    <subfield code="2">kaba</subfield>
    <subfield code="9">13590</subfield>
  </datafield>
  <datafield tag="600" ind1="1" ind2="7">
    <subfield code="a">Pi&#x142;sudski, J&#xF3;zef</subfield>
    <subfield code="d">(1867-1935)</subfield>
    <subfield code="x">j&#x119;zyk.</subfield>
    <subfield code="2">kaba</subfield>
    <subfield code="9">40617</subfield>
  </datafield>
  <datafield tag="600" ind1="1" ind2="7">
    <subfield code="a">Pi&#x142;sudski, J&#xF3;zef</subfield>
    <subfield code="d">(1867-1935)</subfield>
    <subfield code="x">krytyka i interpretacja.</subfield>
    <subfield code="2">kaba</subfield>
    <subfield code="9">40618</subfield>
  </datafield>
  <datafield tag="600" ind1="1" ind2="7">
    <subfield code="a">Pi&#x142;sudski, J&#xF3;zef</subfield>
    <subfield code="d">(1867-1935)</subfield>
    <subfield code="x">opinia publiczna.</subfield>
    <subfield code="2">kaba</subfield>
    <subfield code="9">40619</subfield>
  </datafield>
  <datafield tag="648" ind1=" " ind2="7">
    <subfield code="a">1801-1900</subfield>
    <subfield code="2">DBN</subfield>
    <subfield code="9">36037</subfield>
  </datafield>
  <datafield tag="648" ind1=" " ind2="7">
    <subfield code="a">1901-1914</subfield>
    <subfield code="2">DBN</subfield>
    <subfield code="9">36038</subfield>
  </datafield>
  <datafield tag="648" ind1=" " ind2="7">
    <subfield code="a">1901-2000</subfield>
    <subfield code="2">DBN</subfield>
    <subfield code="9">34996</subfield>
  </datafield>
  <datafield tag="648" ind1=" " ind2="7">
    <subfield code="a">1914-1918</subfield>
    <subfield code="2">DBN</subfield>
    <subfield code="9">36040</subfield>
  </datafield>
  <datafield tag="648" ind1=" " ind2="7">
    <subfield code="a">1918-1939</subfield>
    <subfield code="2">DBN</subfield>
    <subfield code="9">36041</subfield>
  </datafield>
  <datafield tag="650" ind1=" " ind2="7">
    <subfield code="a">Genera&#x142;owie</subfield>
    <subfield code="2">DBN</subfield>
    <subfield code="9">37520</subfield>
  </datafield>
  <datafield tag="650" ind1=" " ind2="7">
    <subfield code="a">Politycy</subfield>
    <subfield code="2">DBN</subfield>
    <subfield code="9">36070</subfield>
  </datafield>
  <datafield tag="650" ind1=" " ind2="7">
    <subfield code="a">&#x15A;wiadomo&#x15B;&#x107; spo&#x142;eczna</subfield>
    <subfield code="2">DBN</subfield>
    <subfield code="9">35235</subfield>
  </datafield>
  <datafield tag="650" ind1=" " ind2="7">
    <subfield code="a">&#x17B;o&#x142;nierze</subfield>
    <subfield code="2">DBN</subfield>
    <subfield code="9">35175</subfield>
  </datafield>
  <datafield tag="651" ind1=" " ind2="7">
    <subfield code="a">Litwa</subfield>
    <subfield code="2">DBN</subfield>
    <subfield code="9">35756</subfield>
  </datafield>
  <datafield tag="651" ind1=" " ind2="7">
    <subfield code="a">Polska</subfield>
    <subfield code="2">DBN</subfield>
    <subfield code="9">35076</subfield>
  </datafield>
  <datafield tag="655" ind1=" " ind2="7">
    <subfield code="a">Biografia</subfield>
    <subfield code="2">DBN</subfield>
    <subfield code="9">35059</subfield>
  </datafield>
  <datafield tag="655" ind1=" " ind2="7">
    <subfield code="a">Praca zbiorowa</subfield>
    <subfield code="2">DBN</subfield>
    <subfield code="9">35107</subfield>
  </datafield>
  <datafield tag="658" ind1=" " ind2=" ">
    <subfield code="a">Historia</subfield>
  </datafield>
  <datafield tag="700" ind1="1" ind2=" ">
    <subfield code="a">Jastrz&#x119;bska-Golonka, Danuta.</subfield>
    <subfield code="e">Redakcja</subfield>
    <subfield code="9">16264</subfield>
  </datafield>
  <datafield tag="700" ind1="1" ind2=" ">
    <subfield code="a">Nik&#x17E;entaitis, Alvydas</subfield>
    <subfield code="d">(1961- ).</subfield>
    <subfield code="e">Redakcja</subfield>
    <subfield code="9">40614</subfield>
  </datafield>
  <datafield tag="700" ind1="1" ind2=" ">
    <subfield code="a">Suleja, W&#x142;odzimierz</subfield>
    <subfield code="d">(1948- ).</subfield>
    <subfield code="e">Redakcja</subfield>
    <subfield code="9">32249</subfield>
  </datafield>
  <datafield tag="700" ind1="1" ind2=" ">
    <subfield code="a">Wolsza, Tadeusz</subfield>
    <subfield code="d">(1956- ).</subfield>
    <subfield code="e">Redakcja</subfield>
    <subfield code="9">40615</subfield>
  </datafield>
  <datafield tag="710" ind1="2" ind2=" ">
    <subfield code="a">Instytut Pami&#x119;ci Narodowej - Komisja &#x15A;cigania Zbrodni przeciwko Narodowi Polskiemu.</subfield>
    <subfield code="e">Instytucja sprawcza</subfield>
    <subfield code="e">Wydawca</subfield>
    <subfield code="4">pbl</subfield>
    <subfield code="9">11792</subfield>
  </datafield>
  <datafield tag="710" ind1="2" ind2=" ">
    <subfield code="a">Lenkijos Institutas (Wilno).</subfield>
    <subfield code="e">Instytucja sprawcza</subfield>
    <subfield code="9">40616</subfield>
  </datafield>
  <datafield tag="710" ind1="2" ind2=" ">
    <subfield code="a">Lietuvos istorijos institutas.</subfield>
    <subfield code="e">Instytucja sprawcza</subfield>
    <subfield code="9">16166</subfield>
  </datafield>
  <datafield tag="920" ind1=" " ind2=" ">
    <subfield code="a">978-83-8098-839-2 (oprawa twarda) : z&#x142; 35,00</subfield>
  </datafield>
  <datafield tag="942" ind1=" " ind2=" ">
    <subfield code="2">ddc</subfield>
    <subfield code="c">BK_NM</subfield>
  </datafield>
  <datafield tag="999" ind1=" " ind2=" ">
    <subfield code="c">27794</subfield>
    <subfield code="d">27794</subfield>
  </datafield>
  <datafield tag="952" ind1=" " ind2=" ">
    <subfield code="0">0</subfield>
    <subfield code="1">0</subfield>
    <subfield code="2">ddc</subfield>
    <subfield code="4">0</subfield>
    <subfield code="7">0</subfield>
    <subfield code="8">K_mag</subfield>
    <subfield code="a">BIP</subfield>
    <subfield code="b">BIP</subfield>
    <subfield code="d">2020-11-30</subfield>
    <subfield code="e">D-36/2020</subfield>
    <subfield code="f">D</subfield>
    <subfield code="g">35.00</subfield>
    <subfield code="i">59934</subfield>
    <subfield code="l">0</subfield>
    <subfield code="o">59934</subfield>
    <subfield code="p">IPWK21635</subfield>
    <subfield code="r">2026-04-27 10:44:09</subfield>
    <subfield code="w">2026-04-27</subfield>
    <subfield code="y">BK_NM</subfield>
  </datafield>
</record>
